000 00392nam a2200157 4500
005 20150120124202.0
008 150120b xxu||||| |||| 00| 0 eng d
022 _a1366-3623
040 _adpl
245 _aAsianaffairs
260 _aMiddlesex
_bAsian Affairs
_c2014
300 _av.
_c27cm
310 _aMonthly
270 _a196 Church Road,Northolt,
_bMiddlesex
_dUK
942 _2ddc
_cSR
_s1
999 _c90900
_d90900